000 01568cam a2200361 i 4500
001 20037578
003 OSt
005 20240716094507.0
008 170926s2018 nyua b 001 0 eng
010 _a 2017046144
020 _a9780826168726
035 _a(DNLM)101713539
040 _aDNLM/DLC
_beng
_cDLC
_erda
_dDLC
042 _apcc
050 0 0 _aRC267
_b.O53 2018
245 0 0 _aOncology clinical trials :
_bsuccessful design, conduct, and analysis /
_ceditors, William Kevin Kelly, DO (Professor, Department of Medical Oncology and Urology, Director, Division of Solid Tumor Oncology, Thomas Jefferson University, Associate Director of Clinical Research, Sidney Kimmel Cancer Center, Philadelphia, Pennsylvania), Susan Halabi, PhD (Professor, Department of Biostatistics & Bioinformatics, Duke University, Durham, North Carolina).
250 _a2nd ed.
264 1 _aNew York :
_bDemos Medical an imprint of Springer Publishing,
_c2018
300 _axxii, 542 p :
336 _atext
_2rdacontent
337 _aunmediated
_2rdamedia
338 _avolume
_2rdacarrier
504 _aIncludes bibliographical references and index.
650 0 _aCancer
_xResearch
_xStatistical methods.
650 0 _aClinical trials.
650 1 2 _aNeoplasms
_xdrug therapy
650 2 2 _aClinical Trials as Topic
700 1 _aKelly, Wm. Kevin
_q(William Kevin),
_eeditor.
700 1 _aHalabi, Susan,
_eeditor.
906 _a7
_bcbc
_corignew
_d1
_eecip
_f20
_gy-gencatlg
942 _2lcc
_cBK
999 _c20473
_d20472